Statistics for Countries That Beat Uzbekistan

Click here to take the quiz!

General Stats

  • This quiz has been taken 21 times
  • The average score is 13 of 17

Answer Stats

RankCategoryCountry(es)% Correct
2Most populous country that borders KyrgyzstanChina
95%
5Most Russian speakersRussia | Ukraine | Belarus | Kazakhstan
95%
3Poorest former SSRTajikistan | Kyrgyzstan
95%
8Last country alphabeticallyVanuatu | Vatican City | Venezuela | Vietnam | Yemen | Zambia | Zimbabwe
95%
2Most Silk Road sitesChina
90%
15Total border lengthChina | Russia | Brazil | India | United States | Kazakhstan | DR Congo | Argentina | Canada | Mongolia | Mali | Pakistan | Sudan | Algeria
90%
3Furthest country from the oceanKyrgyzstan | Mongolia
90%
2Smallest double landlocked nationLiechtenstein
86%
7Largest raisin producerTurkey | United States | Iran | Greece | Chile | South Africa
86%
4Last landlocked country alphabeticallyVatican City | Zambia | Zimbabwe
86%
4Most densely populated SSRAzerbaijan | Moldova | Armenia
81%
2Largest carrot producerChina
81%
4Most exclavesRussia | Azerbaijan | Spain
76%
4Largest cherry producerTurkey | United States | Chile
76%
2Largest apricot producerTurkey
38%
3Highest coronary heart disease death rateTajikistan | Azerbaijan
29%
2Most populous country with a BB- credit rating (Fitch's)South Africa
10%

Score Distribution

Percentile by Number Answered

Percent of People with Each Score

Your Score History

You have not taken this quiz